[Event "3rd HD Bank Cup 2013"]
[Site "Ho Chi Minh City VIE"]
[Date "2013.03.24"]
[Round "9.13"]
[White "Tran Tuan Minh"]
[Black "Nguyen Huynh Minh Huy"]
[Result "0-1"]
[WhiteElo "2310"]
[BlackElo "2460"]

1.d4 d5 2.c4 c6 3.Nc3 Nf6 4.e3 e6 5.Nf3 Nbd7 6.b3 Bb4 7.Bd2 O-O 8.Bd3 h6
9.O-O Bd6 10.Qc2 Qe7 11.Rfe1 Re8 12.e4 dxc4 13.bxc4 e5 14.c5 Bc7 15.Na4 exd4
16.e5 Nd5 17.Rab1 Nf8 18.Qc4 Ne6 19.Bc2 Ndf4 20.Nxd4 Qg5 21.Bxf4 Nxf4 22.g3 Bxe5
23.Nf3 Nh3+ 24.Kg2 Qf6 25.Qd4 Qxf3+  0-1

[Event "Nis Open 2013"]
[Site "Nis SRB"]
[Date "2013.03.26"]
[Round "7.1"]
[White "Biljanic,L"]
[Black "Miljkovic,Mir1"]
[Result "1/2-1/2"]
[WhiteElo "2322"]
[BlackElo "2466"]

1.d4 d5 2.c4 c6 3.Nf3 Nf6 4.e3 e6 5.Nc3 Nbd7 6.Bd3 dxc4 7.Bxc4 b5 8.Bd3 Bd6
9.O-O O-O 10.e4 e5 11.Ne2  1/2-1/2

[Event "6th Montalvo Open"]
[Site "Las Palmas ESP"]
[Date "2013.03.27"]
[Round "3.15"]
[White "Cruz Gomez,I"]
[Black "Santana Rodriguez,Jose Raul"]
[Result "1-0"]
[WhiteElo "2025"]
[BlackElo "1693"]

1.d4 d5 2.c4 c6 3.Nf3 Nf6 4.Nc3 e6 5.e3 Nbd7 6.Bd3 dxc4 7.Bxc4 Bb4 8.O-O O-O
9.Qe2 Qa5 10.Bd2 Nb6 11.Bd3 Nbd5 12.e4 Nxc3 13.bxc3 Bxc3 14.Bxc3 Qxc3 15.a4 Qa5
16.Rfc1 b6 17.e5 Nd5 18.Bxh7+ Kxh7 19.Ng5+ Kh6 20.Ra3 g6 21.Qg4 Kg7 22.Rh3 Qd2
23.Rd1 Qf4 24.Rh7+ Kg8 25.Qh3 Qxg5 26.Rh8+ Kg7 27.Qh7+  1-0

[Event "6th Guzinskiego Mem"]
[Site "Lazy POL"]
[Date "2013.03.28"]
[Round "6.1"]
[White "Malaniuk,V"]
[Black "Suliborski,J"]
[Result "1-0"]
[WhiteElo "2517"]
[BlackElo "2003"]

1.d4 d5 2.c4 c6 3.e3 Nf6 4.Nc3 e6 5.Nf3 Nbd7 6.Qc2 Bd6 7.b3 O-O 8.Be2 e5
9.cxd5 cxd5 10.Nb5 Bb4+ 11.Bd2 Bxd2+ 12.Nxd2 e4 13.Nc7 Rb8 14.a4 b6 15.O-O Rb7
16.Rfc1 Nb8 17.b4 Bg4 18.Bf1 Qd6 19.h3 Bd7 20.Na6 h6 21.Ra3 Nc6 22.Qb2 Nd8
23.Rac3 Ne6 24.b5 g5 25.Qb4 Qxb4 26.Nxb4 Re8 27.Be2 Kf8 28.f3 Ng7 29.fxe4 dxe4
30.Rc7 Rxc7 31.Rxc7 Nf5 32.Bg4 Nxg4 33.hxg4 Nxe3 34.Rxd7 Nxg4 35.Rxa7 Rc8
36.Nc6 e3 37.Nf3 e2 38.Rb7 Re8 39.Rb8 f6 40.Rxe8+ Kxe8 41.a5 Kd7 42.a6 Kc7
43.d5  1-0

[Event "ch-Moscow w 2013"]
[Site "Moscow RUS"]
[Date "2013.03.28"]
[Round "6.3"]
[White "Mirzoeva,E"]
[Black "Gvanceladze,An"]
[Result "1/2-1/2"]
[WhiteElo "2252"]
[BlackElo "2183"]

1.d4 d5 2.c4 c6 3.Nc3 Nf6 4.e3 e6 5.Nf3 Nbd7 6.Qc2 Bd6 7.b3 O-O 8.Be2 b6
9.O-O Bb7 10.Bb2 Rc8 11.Rad1 Qe7 12.e4 dxe4 13.Nxe4 Nxe4 14.Qxe4 Rfd8 15.Bd3 Nf8
16.Qg4 f6 17.Rfe1 Qf7 18.c5 bxc5 19.Bc4 Kh8 20.Bxe6 Nxe6 21.Qxe6 Qxe6 22.Rxe6 cxd4
23.Rxd4 Bc5 24.Rc4 Rd1+ 25.Re1 Rxe1+ 26.Nxe1 Re8 27.Nc2 Bb6 28.Ne3 Rd8 29.Rc2 Kg8
30.h3 Kf7 31.Ba3 Bc7 32.Bc5 a5 33.g3 h5 34.Kg2 g5 35.Nc4 Rd5 36.Ne3 Rd3 37.Kf3 Kg6
38.Ke4 Rd8 39.Kf3 Bc8 40.Kg2 f5 41.Nc4 f4 42.Bb6 Bxb6 43.Nxb6 Bb7 44.Rc5 fxg3
45.Kxg3 Rd3+ 46.Kg2 a4 47.Nxa4 h4 48.Nb6 Kh6 49.Nc4 Rc3 50.b4 Rd3 51.a4 Rb3
52.Na5 Rxb4 53.Nxb7 Rxb7 54.Rxc6+ Kh5 55.Rc2 Ra7 56.Ra2 Ra5 57.f3 Kg6 58.Kf2 Kf5
59.Ke3 Ke5 60.Ra3 Kf5 61.Ra1 Ke5 62.Rg1 Kf5 63.Rg4 Ra8 64.Kd3 Rb8 65.Kc4 Rb1
66.a5 Rf1 67.a6 Rxf3 68.Kb5 Rxh3 69.a7 Kxg4 70.a8=Q Rf3 71.Qc8+ Kg3 72.Qc7+ Kh3
73.Qc1 g4 74.Qh1+ Kg3 75.Qg1+ Kf4 76.Qd4+ Kg5 77.Qg7+ Kf4 78.Qd4+ Kg3  1/2-1/2

[Event "ch-Moscow 2013"]
[Site "Moscow RUS"]
[Date "2013.03.28"]
[Round "6.8"]
[White "Naumkin,I"]
[Black "Reshetnikov,Al"]
[Result "1/2-1/2"]
[WhiteElo "2490"]
[BlackElo "2496"]

1.d4 Nf6 2.c4 e6 3.Nf3 d5 4.Nc3 c6 5.e3 Nbd7 6.Qc2 Bd6 7.Bd3 O-O 8.O-O dxc4
9.Bxc4 b5 10.Be2 Bb7 11.a3 a6 12.b4 a5 13.Rb1 axb4 14.axb4 Qe7 15.e4 e5 16.h3 exd4
17.Nxd4 Bxb4 18.Nf5 Qc5 19.Rb3 Rfe8 20.Qb2 Ba5 21.Nxb5 cxb5 22.Rxb5 Qc6 23.Rxb7 Qxe4
24.Ng3 Qe6 25.Be3 Rab8 26.Rb1 Bc7 27.Rxc7 Rxb2 28.Rxb2 Ne5 29.Rcb7 Nd5 30.Bd2 h6
31.Nh5 Qf5 32.Ng3 Qc8 33.R7b5 Nc3 34.Bxc3 Qxc3 35.Ne4 Qc1+ 36.Bf1 Nc6 37.Rb1 Qf4
38.Ng3 g6 39.Rb6 Ne5 40.R6b4 Qf6 41.Ne4 Qd8 42.Rb6 Kg7 43.Nf6 Rf8 44.Ng4 Nd7
45.Rd6 Qe7 46.Rd5 Nc5 47.Rc1 Rc8 48.Ne5 Rc7 49.Nd3 Na4 50.Rxc7 Qxc7 51.g3 Nb6
52.Rc5 Qd6 53.h4 Qd4 54.Rb5 Nc4 55.Nf4 Nd2 56.Bg2 Qa1+ 57.Kh2 Qe1 58.Nd3 Qe2
59.Rd5 Kf8 60.Rd8+ Kg7 61.Rd5 Nc4 62.Rd4 Nb6 63.Kg1 g5 64.hxg5 hxg5 65.Be4 Qd2
66.Kg2 Qc3 67.Rd6 Nc4 68.Rc6 Qd4 69.Nc5 Nd2 70.Rg6+ Kf8 71.Rxg5 Nxe4 72.Nxe4 Qxe4+
73.Kg1 Qf3 74.Rc5 Kg7 75.Rc4 Qd1+ 76.Kh2 Qe2 77.Rf4 Kg6  1/2-1/2

[Event "7th Philadelphia Open"]
[Site "Philadelphia USA"]
[Date "2013.03.28"]
[Round "3"]
[White "Hambleton,A"]
[Black "Corrales Jimenez,F"]
[Result "0-1"]
[WhiteElo "2463"]
[BlackElo "2601"]

1.d4 d5 2.c4 c6 3.Nc3 Nf6 4.e3 e6 5.Nf3 Nbd7 6.Qc2 Bd6 7.e4 Nxe4 8.Nxe4 dxe4
9.Qxe4 e5 10.dxe5 O-O 11.Bf4 Bb4+ 12.Nd2 Nxe5 13.O-O-O Ng6 14.Be3 Qa5 15.Nb3 Qxa2
16.Kc2 Ne7 17.g4 f5 18.Qg2 fxg4 19.Bd3 Ba3 20.Bd4 Bf5 21.Bxf5 Nxf5 22.Bc3 Rae8
23.Rd2 Bxb2 24.Bxb2 Qa4 25.Qxg4 Re3 26.Kb1 Rxb3 27.Rd7 Rxb2+ 28.Kxb2 Qb4+
29.Ka2 b5 30.Rg1 Qc3 31.Qe4 bxc4 32.Qe6+ Kh8 33.Rb7 Nd4 34.Qf7 Qb3+  0-1

[Event "O2C Doeberl Cup Premier 2013"]
[Site "Canberra AUS"]
[Date "2013.03.29"]
[Round "3.20"]
[White "Ikeda,J"]
[Black "Safarian,Al"]
[Result "1-0"]
[WhiteElo "2362"]
[BlackElo "2023"]

1.d4 d5 2.c4 e6 3.Nf3 c6 4.e3 Nf6 5.Nc3 Nbd7 6.Qc2 Be7 7.Bd3 dxc4 8.Bxc4 b5
9.Bd3 a6 10.O-O c5 11.Rd1 c4 12.Be2 O-O 13.e4 Bb7 14.e5 Nd5 15.Ne4 Qc7 16.Neg5 g6
17.a3 c3 18.b3 b4 19.a4 Rfc8 20.h4 a5 21.h5 Nf8 22.Nh2 Qd8 23.Nh3 f5 24.exf6 Nxf6
25.Ng4 Nxh5 26.Nh6+ Kg7 27.Bxh5 gxh5 28.Qe2 Qe8 29.Nf4 Bd6 30.Nxh5+ Kh8 31.Bg5 Nd7
32.Qg4 Qg6 33.d5 c2 34.dxe6 cxd1=Q+ 35.Rxd1 Ne5 36.Qd4 Rf8 37.f4 Qc2 38.Rd2 Bc5
39.Rxc2 Bxd4+ 40.Kh2 Nf3+ 41.gxf3 Bxf3 42.Ng3 Rac8 43.Rxc8 Rxc8 44.Ngf5 Bg7
45.Nf7+  1-0

[Event "Pobeskydi Open 2013"]
[Site "Frydek-Mistek CZE"]
[Date "2013.03.29"]
[Round "3"]
[White "Kociscak,J"]
[Black "Fargac,M"]
[Result "1/2-1/2"]
[WhiteElo "2421"]
[BlackElo "2069"]

1.d4 d5 2.c4 c6 3.Nc3 Nf6 4.e3 e6 5.Nf3 Nbd7 6.Qc2 Be7 7.g4 dxc4 8.Bxc4 b5
9.Bd3 b4 10.Ne2 h6 11.Nf4 Bb7 12.Rg1 Qa5 13.Bd2 c5 14.g5 Bxf3 15.gxf6 Bxf6
16.Be4 Bxe4 17.Qxe4 O-O 18.a3 cxd4 19.Bxb4 Qb6 20.Nh5 dxe3 21.fxe3 Rfc8 22.Rd1 Bh4+
23.Ng3 Bxg3+ 24.Rxg3 Nf6 25.Qh4 Kh7 26.Qf4 Qc7 27.Qxc7 Rxc7 28.Bc3 Rg8 29.Be5 Rb7
30.Rg2 Nd5 31.Bd4 f6 32.Rc2 Rb3 33.Kf2 Rgb8 34.e4 Nf4 35.Bc3 R8b5 36.Rd7 Rh5
37.Bxf6 Kg6 38.Bc3 Rxh2+ 39.Kg3 Rxc2 40.Rxg7+ Kh5 41.Kxf4 a6 42.Re7 Rb6 43.Ke5 Re2
44.a4 Kg4 45.Rg7+ Kf3 46.Rf7+ Kg4 47.Rg7+  1/2-1/2

[Event "7th Philadelphia Open"]
[Site "Philadelphia USA"]
[Date "2013.03.29"]
[Round "5"]
[White "Hambleton,A"]
[Black "Gorman,D"]
[Result "1-0"]
[WhiteElo "2463"]
[BlackElo "2243"]

1.d4 d5 2.c4 e6 3.Nc3 c6 4.e3 Nf6 5.Nf3 Nbd7 6.Qc2 Bd6 7.b3 O-O 8.Bb2 Re8
9.Bd3 e5 10.cxd5 cxd5 11.Nb5 Bb4+ 12.Nd2 e4 13.Be2 Re6 14.Ba3 Rc6 15.Qb2 Bxa3
16.Nxa3 Nf8 17.Rc1 Rxc1+ 18.Qxc1 Bg4 19.Bxg4 Nxg4 20.h3 Rc8 21.Qb2 Qc7 22.Ke2 Nh6
23.Nb5 Qc6 24.a4 a6 25.Na7 Qc3 26.Qxc3 Rxc3 27.a5 Nf5 28.Rb1 Nd6 29.b4 Rc2
30.Ke1 Ra2 31.Rc1 Rb2 32.Rc5 Rxb4 33.Rxd5 Nc4 34.Nc8 g6 35.Nxe4 Ra4 36.Nf6+ Kg7
37.Ne8+ Kh6 38.Ne7 f5 39.Ng8+ Kg5 40.g3 Ra1+ 41.Ke2 Ra2+ 42.Kf3 Nd2+ 43.Kg2 Ne4
44.h4+ Kh5 45.Ng7+  1-0

[Event "O2C Doeberl Cup Premier 2013"]
[Site "Canberra AUS"]
[Date "2013.03.30"]
[Round "5.12"]
[White "Ly,Mo"]
[Black "Tan,Ju2"]
[Result "1/2-1/2"]
[WhiteElo "2428"]
[BlackElo "2269"]

1.c4 c6 2.Nf3 d5 3.d4 Nf6 4.Nc3 e6 5.e3 Nbd7 6.b3 Bb4 7.Bd2 Bd6 8.Qc2 O-O
9.Be2 b6 10.e4 dxe4 11.Nxe4 Be7 12.O-O Bb7 13.Nxf6+ Bxf6 14.Qe4 Rb8 15.Qe3 c5
16.Bc3 Qc7 17.Rad1 Rbd8 18.Rd2 cxd4 19.Nxd4 a6 20.Rfd1 Nc5 21.Bf3 h6 22.Bxb7 Bg5
23.Qg3 Qxg3 24.hxg3 Bxd2 25.Rxd2 Nxb7 26.Kf1 Rd7 27.Nc6 Rxd2 28.Bxd2 Kh7
29.Be3 b5 30.cxb5 axb5 31.Na7 Nd6 32.a3 Rb8 33.Ke2 f6 34.Kd3 e5 35.Kc3 Ne8
36.Nc6 Rb7 37.Kb4 Kg6 38.Nd8 Rd7 39.Ne6 Rb7 40.Nd8 Rd7 41.Ne6 Rb7 42.Nc5 Rb8
43.Na6 Rb7 44.Nc5  1/2-1/2

[Event "ch-WLS 2013"]
[Site "Cardiff WLS"]
[Date "2013.03.30"]
[Round "2.5"]
[White "Staniforth,Matthew"]
[Black "Sands,D"]
[Result "0-1"]
[WhiteElo "1932"]
[BlackElo "2235"]

1.d4 d5 2.c4 c6 3.Nc3 Nf6 4.e3 e6 5.Nf3 Nbd7 6.Bd3 Bd6 7.O-O O-O 8.e4 dxe4
9.Nxe4 Nxe4 10.Bxe4 h6 11.Qe2 Re8 12.Rd1 Qe7 13.Bd2 e5 14.d5 cxd5 15.cxd5 Nf6
16.Rac1 Bg4 17.h3 Bh5 18.Re1 Qd7 19.Rc3 Nxe4 20.Qxe4 f5 21.Qh4 Bxf3 22.Rxf3 e4
23.Rb3 Be5 24.Bf4 g5 25.Bxg5 hxg5 26.Qxg5+ Bg7 27.Rc1 Rac8 28.Rcc3 Rxc3 29.Rxc3 Rc8
30.Rxc8+ Qxc8 31.d6 Qd7 32.h4 b6 33.h5 Qxd6 34.Qxf5 Qe5 35.Qg6 e3 36.fxe3 Qxe3+
37.Kh2 Qe5+ 38.Kh3 Qf6 39.Qe8+ Qf8 40.Qe6+ Qf7 41.Qc8+ Kh7 42.Qc2+ Kh6 43.Qd2+ Kxh5
44.g4+ Kg6 45.Qd3+ Kh6 46.Qd2+ Kh7 47.Qd3+ Kh8 48.Qd8+ Qg8 49.Qc7 Bxb2 50.Qxa7 Qh7+
51.Qxh7+ Kxh7 52.Kg3 Kg6 53.Kf4 Bc3 54.Ke4 Kg5 55.Kd5 Kxg4 56.Kc4 Ba5 57.Kb3 Kf3
58.Kc4 Ke2 59.Kb3 Kd3 60.Ka4 Kc2 61.Ka3 Kc3  0-1

[Event "VII New Open"]
[Site "Lugano SUI"]
[Date "2013.03.30"]
[Round "2.8"]
[White "Vucicevic,Mo"]
[Black "Moroni,L"]
[Result "1/2-1/2"]
[WhiteElo "2313"]
[BlackElo "2170"]

1.d4 d5 2.c4 e6 3.Nc3 c6 4.e3 Nf6 5.Nf3 Nbd7 6.Bd3 a6 7.O-O dxc4 8.Bxc4 b5
9.Bd3 c5 10.a4 b4 11.Ne4 Bb7 12.Nxf6+ Nxf6 13.Qe2 Be7 14.dxc5 Bxc5 15.e4 Nd7
16.Bf4 O-O 17.Rfd1 Qe7 18.Rac1 Rfd8 19.Rc2 e5 20.Bg5 f6 21.Be3 Bxe3 22.Qxe3 Rac8
23.a5 Kf8 24.Rdc1 Rxc2 25.Rxc2 Rc8 26.Rxc8+ Bxc8 27.Bc4 Bb7 28.Qa7 Qc5 29.Qxb7 Qxc4
30.Nd2 Qd4 31.Nf1 Nc5 32.Qc8+ Kf7 33.Ne3 b3 34.h3 g6 35.Nd5 Nxe4 36.Qd7+ Kf8
37.Qe7+ Kg8 38.Nxf6+ Nxf6 39.Qxf6 Qxb2 40.Qe6+  1/2-1/2

[Event "Easter Open 2013"]
[Site "Oberhausen GER"]
[Date "2013.03.30"]
[Round "3.6"]
[White "Kaufeld,J"]
[Black "Ackermann,F"]
[Result "1-0"]
[WhiteElo "2342"]
[BlackElo "2076"]

1.d4 d5 2.c4 c6 3.Nc3 Nf6 4.e3 e6 5.Nf3 Nbd7 6.b3 Bb4 7.Bd2 Bd6 8.Bd3 dxc4
9.bxc4 e5 10.O-O O-O 11.Qc2 Re8 12.h3 Qe7 13.Ng5 h6 14.Nge4 Bc7 15.Ng3 Qf8
16.a4 exd4 17.exd4 Bxg3 18.fxg3 Qd6 19.Ne2 Nf8 20.Bf4 Qd8 21.Rad1 Ne6 22.Be5 Nd7
23.Bd6 Nf6 24.Be5 Nd7 25.Bh7+ Kh8 26.Rxf7 Nxe5 27.dxe5 Qb6+ 28.Kh2 Ng5 29.c5 Qb4
30.Rxg7 Be6 31.Qg6 Bf5 32.Qxf5 Qxc5 33.Rxg5 hxg5 34.Qf6+  1-0

[Event "Easter Open 2013"]
[Site "Oberhausen GER"]
[Date "2013.03.30"]
[Round "4.9"]
[White "Wolter,Detlev"]
[Black "Leveikina,J"]
[Result "1-0"]
[WhiteElo "2250"]
[BlackElo "2093"]

1.d4 d5 2.c4 c6 3.Nc3 Nf6 4.e3 e6 5.Nf3 Be7 6.Bd3 Nbd7 7.O-O O-O 8.b3 b6
9.Bb2 Bb7 10.Qe2 Qc7 11.Rac1 Rac8 12.Rfd1 Qb8 13.Ne5 Nxe5 14.dxe5 Nd7 15.f4 Rfd8
16.Bb1 dxc4 17.Ne4 Nf8 18.Qg4 Rxd1+ 19.Rxd1 Rd8 20.Rf1 cxb3 21.f5 exf5 22.Qxf5 Ng6
23.h4 Bxh4 24.Qxf7+ Kh8 25.Nd6 Rf8 26.Qxb3 Rxf1+ 27.Kxf1 Ba6+ 28.Kg1 Qf8
29.Bf5 Ne7 30.e4 g6 31.e6+ Bf6 32.Nf7+ Kg7 33.Bxf6+ Kxf6 34.Qc3+  1-0

[Event "7th Philadelphia Open"]
[Site "Philadelphia USA"]
[Date "2013.03.30"]
[Round "6"]
[White "Mulyar,M"]
[Black "Wang,K"]
[Result "1/2-1/2"]
[WhiteElo "2382"]
[BlackElo "2276"]

1.d4 d5 2.c4 c6 3.Nc3 Nf6 4.e3 e6 5.Nf3 Nbd7 6.Bd3 dxc4 7.Bxc4 b5 8.Bd3 Bd6
9.O-O O-O 10.a3 a5 11.Bd2 Bb7 12.Ng5 b4 13.Nce4 Be7 14.Qc2 h6 15.Nxf6+ Nxf6
16.Nh7 Nxh7 17.Bxh7+ Kh8 18.Be4 Qb6 19.Rfc1  1/2-1/2

[Event "Paskturneringen Open"]
[Site "Norrkoping SWE"]
[Date "2013.03.31"]
[Round "7"]
[White "Henriksson,Jo"]
[Black "Brzezinski,A"]
[Result "1/2-1/2"]
[WhiteElo "2266"]
[BlackElo "2101"]

1.d4 Nf6 2.Nf3 d5 3.c4 c6 4.e3 e6 5.Nc3 Be7 6.Be2 O-O 7.O-O dxc4 8.Bxc4 b5
9.Be2 Nbd7 10.a3 b4 11.axb4 Bxb4 12.Qa4 Qb6 13.Nd2 a5 14.Nc4 Qc7 15.Na2 Bb7
16.Bd2 c5 17.Nxb4 axb4 18.Qb3 Bd5 19.Rxa8 Rxa8 20.dxc5 Nxc5 21.Qxb4 Rb8 22.Qa5 Qxa5
23.Bxa5 Nb3 24.Bc3 Ne4 25.Rd1 Nxc3 26.bxc3 Nc5 27.Nd2 e5 28.Nf3 Bb3 29.Rb1 Re8
30.Bb5 Re7 31.Bc4 Ba4 32.Rb8+ Re8 33.Rxe8+ Bxe8 34.Bd5 Nd7 35.Bc6 f6 36.Kf1 Kf7
37.Bxd7 Bxd7 38.c4 Bc6 39.Ke2 g5 40.Kd2 Ke6 41.Kc3 h6 42.Kb4 Kd6 43.Ne1 h5
44.g3 h4 45.f3 hxg3 46.hxg3 f5 47.Kc3 Ba8 48.Kd3 Bc6 49.e4 f4 50.g4 Ba4 51.Kd2 Bb3
52.Kc3 Bd1 53.Kd3 Ba4 54.Kc3 Bd1 55.Kd2 Bb3 56.Kc3 Ba4 57.Kd2 Bb3  1/2-1/2

[Event "Easter Open 2013"]
[Site "Oberhausen GER"]
[Date "2013.03.31"]
[Round "6.7"]
[White "Wolter,Detlev"]
[Black "Vasiljevs,J"]
[Result "1-0"]
[WhiteElo "2250"]
[BlackElo "2146"]

1.d4 d5 2.c4 c6 3.Nc3 Nf6 4.e3 e6 5.Nf3 Nbd7 6.Bd3 dxc4 7.Bxc4 b5 8.Bd3 Bb7
9.a3 a6 10.b4 Bd6 11.O-O O-O 12.Ng5 e5 13.Nge4 Bc7 14.Ng3 exd4 15.exd4 Nb6
16.Bg5 h6 17.Bxf6 Qxf6 18.Nce4 Qf4 19.Qh5 g6 20.Qc5 Rad8 21.Rad1 Rd5 22.Qe7 Kg7
23.Nf6 Rg5 24.Ne8+ Rxe8 25.Qxe8 h5 26.Qe4 Qf6 27.Rfe1 Nd5 28.Qh4 Bc8 29.Kh1 Bxg3
30.hxg3 Rg4 31.f4 Nxf4 32.gxf4 Qxf4 33.Rf1 Qe3 34.Rfe1 Qf2 35.Qxf2  1-0

[Event "Asian Junior Girls 2013"]
[Site "Sharjah UAE"]
[Date "2013.04.01"]
[Round "3.4"]
[White "Ivana Maria,F"]
[Black "Assaubayeva,Diana"]
[Result "1/2-1/2"]
[WhiteElo "2065"]
[BlackElo "1966"]

1.d4 d5 2.Nf3 Nf6 3.c4 c6 4.Nc3 e6 5.e3 Nbd7 6.Bd3 dxc4 7.Bxc4 b5 8.Bd3 Bd6
9.O-O O-O 10.a4 b4 11.Ne4 Nxe4 12.Bxe4 Bb7 13.Qc2 Nf6 14.Bd3 c5 15.dxc5 Rc8
16.e4 Rxc5 17.Qe2 Qb8 18.g3 Nd7 19.Be3 Rcc8 20.Rac1 Nc5 21.Bxc5 Rxc5 22.Nd2 Rxc1
23.Rxc1 Rc8 24.Re1 e5 25.Nc4 Bc5 26.Na5 Ba8 27.Nb3 Bf8 28.Bc4 Qd6 29.Rd1 Qc6
30.Rc1 Qd7 31.Qf3 Rd8 32.h4 g6 33.Kh2 Kg7 34.g4 Qe7 35.g5 f5  1/2-1/2

[Event "ch-SRB w 2013"]
[Site "Pirot SRB"]
[Date "2013.04.02"]
[Round "11"]
[White "Djukic,Sa"]
[Black "Benderac,A"]
[Result "1-0"]
[WhiteElo "2125"]
[BlackElo "2226"]

1.d4 d5 2.c4 e6 3.Nc3 Nf6 4.Nf3 c6 5.e3 Nbd7 6.Bd3 Bd6 7.O-O O-O 8.e4 dxc4
9.Bxc4 e5 10.Bg5 exd4 11.Qxd4 Bc5 12.Qd2 Qe7 13.Rad1 h6 14.Bh4 Ne5 15.Nxe5 Qxe5
16.Bg3 Qe7 17.a3 Re8 18.b4 Bb6 19.Bd6 Qd8 20.e5 Nh7 21.Qc2 Qh4 22.Bxf7+ Kxf7
23.Qxh7 Bg4 24.Rd3 Re6 25.h3 Rg6 26.hxg4 Qxg4 27.e6+  1-0

[Event "1st Hofheim Open"]
[Site "Hofheim GER"]
[Date "2013.04.04"]
[Round "3.20"]
[White "Brandl,L"]
[Black "Werner,Di"]
[Result "1/2-1/2"]
[WhiteElo "1691"]
[BlackElo "2150"]

1.d4 d5 2.c4 c6 3.Nf3 Nf6 4.Nc3 e6 5.e3 Nbd7 6.Qc2 Bd6 7.Bd3 O-O 8.O-O dxc4
9.Bxc4 h6 10.Rd1 Qe7 11.e4 e5 12.d5 Nb6 13.Bb3 cxd5 14.Nxd5 Nbxd5 15.Bxd5 Nxd5
16.Rxd5 Be6 17.Rd1 Rac8 18.Qe2 Bc4 19.Qe1 b6 20.Bd2 Rfd8  1/2-1/2

[Event "1st Hofheim Open"]
[Site "Hofheim GER"]
[Date "2013.04.05"]
[Round "5.8"]
[White "Werner,Di"]
[Black "Friedrich,N"]
[Result "1/2-1/2"]
[WhiteElo "2150"]
[BlackElo "2340"]

1.d4 d5 2.Nf3 Nf6 3.c4 c6 4.e3 e6 5.Nc3 Nbd7 6.Bd3 dxc4 7.Bxc4 b5 8.Bd3 Bb7
9.O-O b4 10.Na4 c5 11.Nxc5 Nxc5 12.dxc5 Bxc5 13.b3 O-O 14.Bb2 Rc8 15.Qe2 Bxf3
16.gxf3 Nd5 17.Rac1 Bd6 18.Rxc8 Qxc8 19.f4 Nc3 20.Qh5 g6 21.Qa5 Qc5 22.Qxc5 Bxc5
23.Rc1 Rd8 24.Bf1 Rd1 25.Rc2 Ne4 26.Kg2 f5 27.Be2 Rd2 28.Rxd2 Nxd2 29.Bd3 Kf7
30.Bc1  1/2-1/2

[Event "TCh-NOR Eliteserien 2012-13"]
[Site "Haraldsheim NOR"]
[Date "2013.04.06"]
[Round "8"]
[White "Andersen,L NOR"]
[Black "Leer Salvesen,B"]
[Result "1/2-1/2"]
[WhiteElo "2297"]
[BlackElo "2371"]

1.d4 d5 2.Nf3 Nf6 3.c4 e6 4.Nc3 c6 5.e3 Nbd7 6.Qc2 Bd6 7.b3 O-O 8.Bb2 Qe7
9.Bd3 e5 10.cxd5 cxd5 11.dxe5 Nxe5 12.Nxe5 Bxe5 13.Nb5 Bd7 14.Bxe5 Qxe5 15.Nd4 Rac8
16.Qd2 Rc7 17.O-O Rfc8 18.Rac1 a6 19.h3 h6 20.Rxc7 Qxc7 21.Ne2 Qb6 22.Rc1 Rc5
23.Rxc5 Qxc5 24.b4 Qc8 25.Qc2 Qxc2 26.Bxc2 Kf8 27.Nd4 Ke7 28.Kf1 Kd6 29.f3 g6
30.Ke2 Ne8 31.h4 h5 32.Kd2 Nc7 33.Kc3 b6 34.a3 Ke5 35.f4+ Kd6 36.g3 Be8 37.Bd3 Bd7
38.Bc2 Be8 39.Bd3 Bd7 40.Nf3 Be8 41.Ng5 a5 42.Kd4 axb4 43.axb4 f6 44.Nf3 Bb5
45.e4 dxe4 46.Bxe4 Be8 47.Nd2 b5 48.f5 gxf5 49.Bxf5 Nd5 50.Ne4+ Kc6 51.Be6 Nxb4
52.Nxf6 Bg6 53.Bd7+ Kb6 54.g4 hxg4 55.Bxg4 Nc6+ 56.Kc3 b4+ 57.Kb2 Ne5 58.Be2 Nd3+
59.Bxd3 Bxd3 60.h5 Kc5 61.h6 Kd6 62.Kb3 Ke6 63.h7 Bxh7 64.Nxh7 Kf5 65.Kxb4  1/2-1/2

[Event "1st Hofheim Open"]
[Site "Hofheim GER"]
[Date "2013.04.06"]
[Round "7.11"]
[White "Vogel,Roven"]
[Black "Friedrich,N"]
[Result "0-1"]
[WhiteElo "2000"]
[BlackElo "2340"]

1.d4 d5 2.c4 c6 3.Nf3 Nf6 4.e3 e6 5.Nc3 Nbd7 6.Qc2 b6 7.Bd3 Bb7 8.O-O Be7
9.Bd2 O-O 10.h3 Qc7 11.Rac1 Rad8 12.cxd5 exd5 13.e4 dxe4 14.Nxe4 Qb8 15.Rfe1 Rfe8
16.Ne5 Nxe5 17.dxe5 Qxe5 18.Ng5 Qd6 19.Bxh7+ Kf8 20.Bc3 Qf4 21.Nf3 c5 22.Ne5 Bd6
23.g3 Qh6 24.Bf5 Bxe5 25.Rxe5 Rxe5 26.Bxe5 Qh5 27.Bxf6 Qf3 28.Be7+ Kxe7 29.Re1+ Kf6
30.Be4 Bxe4 31.Qxe4 Qxe4 32.Rxe4 Rd2 33.Ra4 a5 34.b3 Ke5 35.Rg4 g6 36.Rf4 f5
37.Rf3 Rxa2 38.Re3+ Kd5 39.Rd3+ Ke6 40.Re3+ Kd6 41.Rd3+ Ke6 42.Re3+ Kf7 43.Rd3 Ra3
44.h4 c4 45.Rd7+ Ke8 46.Rd6 Rxb3 47.Rxg6 c3 48.h5 c2 49.Rc6 Rb1+  0-1

[Event "Open Golden Island Krk"]
[Site "Malinska CRO"]
[Date "2013.04.06"]
[Round "1.6"]
[White "Jakovljevic,Vlado"]
[Black "Rauta,N"]
[Result "1-0"]
[WhiteElo "2433"]
[BlackElo "1929"]

1.Nf3 d5 2.d4 Nf6 3.c4 c6 4.Nc3 e6 5.e3 Nbd7 6.Bd3 Be7 7.O-O O-O 8.e4 dxe4
9.Nxe4 Nxe4 10.Bxe4 Nf6 11.Bc2 c5 12.Bg5 cxd4 13.Qd3 g6 14.Rad1 b6 15.Nxd4 Bb7
16.Qh3 Qc8 17.Qh4 e5 18.Bxf6 Bxf6 19.Qxf6 exd4 20.Rxd4 Qc5 21.Ba4 Rac8 22.Rfd1 Qb4
23.b3 Qc5 24.h4 Bc6 25.b4 Qf5 26.Qxf5 gxf5 27.Bc2 Bb5 28.Bd3 Ba4 29.Rd2 f4
30.Bf5 Rce8 31.Rxf4 Re5 32.Kh2 Rfe8 33.Kg3 Bc6 34.Bc2 Be4 35.Bb3 Bg6 36.Rfd4 Kg7
37.Rd8 Rxd8 38.Rxd8 Re7 39.Rd1 h5 40.Rc1 Re4 41.f3 Re7 42.c5 bxc5 43.bxc5 Kf6
44.Kf4 Rc7 45.Bd5 Ke7 46.Ke5 Bd3 47.Kd4 Bg6 48.Rc3 Kd7 49.Rb3  1-0

[Event "Asian Junior Girls 2013"]
[Site "Sharjah UAE"]
[Date "2013.04.06"]
[Round "6.2"]
[White "Ivana Maria,F"]
[Black "Nguyen Thi Mai Hung"]
[Result "1/2-1/2"]
[WhiteElo "2065"]
[BlackElo "2271"]

1.d4 d5 2.Nf3 e6 3.c4 c6 4.e3 Nf6 5.Nc3 Bd6 6.Bd3 O-O 7.O-O Nbd7 8.e4 dxc4
9.Bxc4 e5 10.Bg5 h6 11.Bh4 Qe7 12.Bb3 Rd8 13.d5 Nf8 14.Qe2 Ng6 15.Bxf6 Qxf6
16.dxc6 bxc6 17.Qc4 Nf4 18.Qxc6 Bh3 19.Nd5 Qg6 20.Nxf4 exf4 21.Nh4 Qg4 22.f3 Qxh4
23.gxh3 Rac8 24.Qb5 Qxh3 25.Kh1 Bc5 26.Qe2 Be3 27.Rfd1 g5 28.Qg2 Qh4 29.Rd5 Kg7
30.Rad1  1/2-1/2

[Event "FSGM April 2013"]
[Site "Budapest HUN"]
[Date "2013.04.07"]
[Round "2.1"]
[White "Kosic,D"]
[Black "Csonka,B"]
[Result "1-0"]
[WhiteElo "2512"]
[BlackElo "2326"]

1.d4 d5 2.c4 e6 3.Nc3 c6 4.e3 Nf6 5.Nf3 Nbd7 6.Bd2 b6 7.Rc1 Bb7 8.cxd5 exd5
9.Bd3 Bd6 10.O-O O-O 11.e4 dxe4 12.Nxe4 Be7 13.Ng3 c5 14.Nf5 cxd4 15.Re1 Re8
16.Bc4 Bd5 17.Bxd5 Nxd5 18.N3xd4 N7f6 19.Qf3 Bf8 20.Nc6 Qd7 21.Ne5 Qb5 22.b3 Rac8
23.Rxc8 Rxc8 24.Nh6+ gxh6 25.Qg3+ Bg7 26.Bxh6 Ne8 27.Nd7 Ndc7 28.Nf6+ Kh8
29.Nxe8 Bxh6 30.Qc3+ Kg8 31.Nf6+ Kh8 32.Qc2  1-0

[Event "TCh-CZE Div1 Zapad 2012-13"]
[Site "Czech Republic CZE"]
[Date "2013.04.07"]
[Round "10.6"]
[White "Roj,M"]
[Black "Kohout,V"]
[Result "1/2-1/2"]
[WhiteElo "2187"]
[BlackElo "2144"]

1.d4 d5 2.Nf3 Nf6 3.c4 c6 4.e3 e6 5.Nc3 Bd6 6.Qc2 Nbd7 7.Bd3 O-O 8.O-O dxc4
9.Bxc4 e5 10.h3 Qe7 11.a3 e4 12.Nd2 Nb6 13.Ba2 Bf5 14.Re1 Rfe8 15.f4 h5 16.Nf1 h4
17.Qf2 Nfd5 18.Bd2 g6 19.Re2 Kg7 20.Rc1  1/2-1/2

[Event "TCh-CZE Div1 Vychod 2012-13"]
[Site "Czech Republic CZE"]
[Date "2013.04.07"]
[Round "10.2"]
[White "Chytilek,R"]
[Black "Stachowiak,K"]
[Result "0-1"]
[WhiteElo "2397"]
[BlackElo "2432"]

1.d4 d5 2.c4 e6 3.Nf3 c6 4.Nc3 Nf6 5.e3 Nbd7 6.Qc2 Bd6 7.g4 h6 8.Rg1 e5 9.h4 e4
10.Nd2 g5 11.h5 a6 12.Be2 O-O 13.b3 b5 14.Bb2 Re8 15.c5 Bc7 16.b4 Nf8 17.O-O-O N6h7
18.Rdf1 f5 19.gxf5 Bxf5 20.f3 exf3 21.Bd3 Bxd3 22.Qxd3 Re6 23.Rxf3 Qe8 24.e4 Rd8
25.Rf5 Nf6 26.exd5 Re3 27.Qf1 Nxd5 28.Nxd5 Rxd5 29.Rxd5 cxd5 30.Qf5 Qe6 31.Qxe6+ Nxe6
32.Kd1 Bf4 33.Nb1 Nxd4 34.Bxd4 Rd3+ 35.Ke2 Rxd4 36.Nc3 Kf7 37.a3 Ke6 38.Rd1 Rxd1
39.Kxd1 g4 40.Ne2 Be5 41.Ke1 d4 42.Nc1 Kd5 43.Nd3 Ke4 44.Ke2 g3 45.c6 Bd6
46.Ne1 Bc7 47.Kd2 d3 48.Nxd3 g2 49.Nf2+ Kd5 50.Nh3 Kxc6  0-1

[Event "TCh-NOR Eliteserien 2012-13"]
[Site "Haraldsheim NOR"]
[Date "2013.04.07"]
[Round "9"]
[White "Sahl,S"]
[Black "Hobber,A"]
[Result "0-1"]
[WhiteElo "2243"]
[BlackElo "2244"]

1.d4 d5 2.c4 c6 3.Nf3 Nf6 4.Nc3 e6 5.e3 Nbd7 6.b3 Bb4 7.Bd2 O-O 8.Be2 Qe7
9.O-O b6 10.cxd5 exd5 11.Qc2 Bb7 12.Bd3 Rfe8 13.Rfe1 g6 14.h3 Rac8 15.a3 Bxa3
16.Nb1 Bd6 17.Rxa7 Rc7 18.Nc3 Ne4 19.Rea1 Kg7 20.Bc1 b5 21.Bb2 Kg8 22.Ne2 c5
23.Qb1 Nxf2 24.Kxf2 Qxe3+ 25.Kf1 c4 26.Bc1 Qxd3 27.Qxd3 cxd3 28.Neg1 Nf6
29.Bd2 Bc8 30.Rxc7 Bxc7 31.Ne1 Ne4 32.Ngf3 Ng3+ 33.Kg1 Bf5 34.Bb4 Bf4 35.Ne5 Be3+
36.Kh2 Nf1+ 37.Kh1 Bxd4 38.Rd1 Ng3+ 39.Kh2 Bxe5 40.Nxd3 Bxd3 41.Rxd3 d4  0-1

[Event "Bundesliga 2012-13"]
[Site "Schwetzingen GER"]
[Date "2013.04.07"]
[Round "15"]
[White "Murdzia,P"]
[Black "Hansen,SuB"]
[Result "1/2-1/2"]
[WhiteElo "2471"]
[BlackElo "2566"]

1.d4 d5 2.c4 c6 3.Nf3 Nf6 4.Nc3 e6 5.e3 Nbd7 6.Qc2 Bd6 7.Be2 O-O 8.O-O dxc4
9.Bxc4 e5 10.h3 h6 11.Rd1 Qc7 12.Bb3 Re8 13.a3 exd4 14.exd4 Nf8 15.Be3 Be6
16.Rac1 Qa5 17.Bxe6 Nxe6 18.Qb3 Qa6 19.d5 Nxd5 20.Nxd5 cxd5 21.Rxd5 Rad8
22.Rcd1 Bc7 23.Rxd8 Rxd8  1/2-1/2